[Event "Feuille d'Erable (Open)"]
[Site "Gatineau"]
[Date "2018.10.23"]
[Round "1"]
[White "Bastien Andre"]
[Black "Lemieux Richard"]
[Result "0-1"]
[BlackElo "1610"]
[EventDate "2018.10.23"]
[WhiteElo "1815"]

1.d4 Nf6 2.Nf3 d5 3.e3 e6 4.Bd3 c5 5.b3 Nc6 6.O-O Bd6 7.Bb2 cxd4 8.exd4 Qc7  9.Nbd2 O-O 10.Re1 Nb4 11.Qe2 Nxd3 12.Qxd3 Re8 13.Ne5 Nd7 14.Nxf7 Kxf7 15.Qxh7  Nf6 16.Qh4 Qxc2 17.Bc1 Qh7 18.Qxh7 Nxh7 19.Nf3 Bd7 20.Ne5+ Bxe5 21.Rxe5 Nf6  22.h3 Rac8 23.Be3 Rc2 24.a4 Rec8 25.b4 Rb2 26.b5 Rcc2 27.Ra3 Ne4 28.Kh2 Nxf2  29.Bxf2 Rxf2 30.Rg5 Rf5 31.Rg4 Rc2 32.Rag3 g5 33.h4 gxh4 34.Rxh4 Ke7 35.Rh7+  Rf7 36.Rh8 Rc8 37.Rh5 Rc4 38.Rg8 Rc8 39.Rg3 a6 40.bxa6 bxa6 41.a5 Rc4 42.Re3  Rxd4 43.g4 Rxg4 0-1

[Event "Feuille d'Erable (Open)"]
[Site "Gatineau"]
[Date "2018.10.23"]
[Round "1"]
[White "Latreille Etienne"]
[Black "Raymond Daniel"]
[Result "1-0"]
[BlackElo "1769"]
[EventDate "2018.10.23"]
[WhiteElo "1476"]

1.d4 d5 2.Bf4 e6 3.e3 Nf6 4.Bd3 c5 5.c3 Nc6 6.Nd2 Bd6 7.dxc5 Bxc5 8.Ngf3 Bd6  9.Bg5 h6 10.Bh4 e5 11.Bb5 O-O 12.O-O e4 13.Nd4 Nxd4 14.cxd4 Be7 15.Bg3 Bg4  16.Be2 Be6 17.Rc1 Rc8 18.Qb3 Qa5 19.Nb1 Qb4 20.Qxb4 Bxb4 21.a3 Be7 22.Nc3 a6  23.Na4 Nd7 24.b4 b5 25.Nc5 Nxc5 26.bxc5 Rc6 27.Ra1 f5 28.Be5 g5 29.Rfb1 $1  Bd7 30.a4 bxa4 31.Rxa4 Rxc5 32.Rxa6 Rc2 $4  { Le coup perdant! Le meilleur coup aurait été Tc6 } 33.Rg6+ Kf7 34.Bh5 $3  Rg8 35.Rc6+ 1-0

[Event "Feuille d'Erable (-1600)"]
[Site "Gatineau"]
[Date "2018.10.23"]
[Round "1"]
[White "Lecorre Joel"]
[Black "Fex John"]
[Result "0-1"]
[BlackElo "1384"]
[EventDate "2018.10.23"]
[WhiteElo "1505"]

1.e4 e5 2.Bc4 Nf6 3.d4 Bd6 4.dxe5 Bxe5 5.Nf3 d6 6.Nxe5 dxe5 7.Qxd8+ Kxd8  8.Bg5 Ke7 9.Nc3 c6 10.O-O-O h6 11.Bh4 g5 12.Bg3 Nbd7 13.h3 b5 14.Bd3 Nc5  15.Bxe5 b4 16.Bxf6+ Kxf6 17.Ne2 Rd8 18.Ng3 Be6 19.b3 a5 20.Rhe1 Nxd3+ 21.Rxd3  Rxd3 22.cxd3 a4 23.e5+ Kg6 24.Re2 axb3 25.axb3 Ra3 26.Ne4 Bxb3 27.Rb2 Ra1+  28.Kd2 Ra2 29.Rxa2 Bxa2 30.Nc5 Bd5 31.f3 Kf5 32.d4 Kf4 33.Nd3+ Kg3 34.Nxb4  Kxg2 35.Nxd5 cxd5 36.Ke3 Kxh3 37.f4 g4 38.f5 g3 0-1

[Event "Feuille d'Erable (-1600)"]
[Site "Gatineau"]
[Date "2018.10.23"]
[Round "1"]
[White "Labrie Dany"]
[Black "Dupont-Mageau Nicolas"]
[Result "0-1"]
[BlackElo "1500"]
[EventDate "2018.10.23"]
[WhiteElo "1379"]

1.d4 Nf6 2.c4 e5 3.dxe5 Ng4 4.Qd4 d6 5.Nf3 Nc6 6.Qe4 dxe5 7.Nc3 f5 8.Qc2 e4  9.h3 Nxf2 10.Bg5 Be7 11.Bxe7 Qxe7 12.Kxf2 exf3 13.exf3 Qc5+ 14.Kg3 f4+ 15.Kh2  O-O 16.Ne4 Qe5 17.c5 Bf5 18.Bc4+ Kh8 19.Bd3 Rad8 20.a3 Nd4 21.Qa4 Nxf3+  22.gxf3 Bxe4 23.Rhe1 Rxd3 24.Qxe4 Qxb2+ 25.Kg1 Rxa3 26.Rxa3 Qxa3 27.Qe7 Rg8  28.Qxc7 Qc3 29.Qe7 Qd4+ 30.Kf1 Qd3+ 31.Re2 Qf5 32.Qxb7 Qxh3+ 33.Kg1 Qg3+  34.Rg2 Qe1+ 35.Kh2 Qh4+ 36.Kg1 g6 $4 37.Qe4 $4 Rd8 38.Qe5+ Kg8 39.Qa1 Re8  40.Qa2+ Kf8 41.Re2 Qg3+ 42.Kf1 Qxf3+ 43.Ke1 Rxe2+ 44.Qxe2 Qxe2+ 45.Kxe2 Ke8  0-1

[Event "Feuille d'Erable (-1600)"]
[Site "Gatineau"]
[Date "2018.10.23"]
[Round "1"]
[White "Berthiaume Serge"]
[Black "Sun Roy"]
[Result "0-1"]
[BlackElo "1245"]
[EventDate "2018.10.23"]
[WhiteElo "1480"]

1.e4 e5 2.Bc4 c6 3.Nc3 Nf6 4.Nf3 Nxe4 5.Bxf7+ Kxf7 6.Nxe4 Kg8 7.O-O d5 8.Ng3  h5 9.Nxe5 Qd6 10.d4 Nd7 11.Bf4 Nxe5 12.Bxe5 Qg6 13.f4 Bg4 14.Qd2 Qh6 15.Qd3  c5 16.c3 h4 17.Nf5 Qh5 18.Nxg7 Bxg7 19.Rae1 c4 20.Qd2 Qg6 21.b3 cxb3 22.axb3  a5 23.Qa2 Rh5 24.b4 Qf7 25.bxa5 b6 26.a6 Bc8 27.Qb2 Bxa6 28.Rf2 b5 29.Qb4 Bf8  30.Qa5 Qe6 31.Qa1 Bb7 32.Qd1 Qf5 33.Bc7 Rh7 34.Re5 Qf6 35.Rg5+ Bg7 36.Rxg7+  Qxg7 37.Be5 Qg6 38.f5 Qf7 39.Rf4 Kf8 40.Bd6+ Ke8 41.f6 Kd7 42.Rf2 Kxd6 43.Qb3  Ra1+ 44.Rf1 Rxf1+ 45.Kxf1 Qxf6+ 46.Kg1 Rf7 47.Qxb5 Qf2+ 0-1

[Event "Feuille d'Erable (-1600)"]
[Site "Gatineau"]
[Date "2018.10.23"]
[Round "1"]
[White "Arcand Pierre"]
[Black "Iyamuremye Gervais"]
[Result "0-1"]
[BlackElo "1472"]
[EventDate "2018.10.23"]
[WhiteElo "1175"]

1.e4 e5 2.Nf3 Nc6 3.Nc3 Bc5 4.Be2 d6 5.h3 Nf6 6.d3 h6 7.O-O O-O 8.a3 Nd4  9.Nxd4 Bxd4 10.Nb5 Bb6 11.b4 c6 12.Nc3 Bd4 13.Bb2 d5 14.Rb1 a5 15.exd5 axb4  16.axb4 Nxd5 17.Nxd5 Qxd5 18.c4 Qd7 19.Bxd4 Qxd4 20.Ra1 Bf5 21.Qb1 Rfd8  22.Rd1 b5 23.c5 f6 24.Bf3 Rxa1 25.Qxa1 Qxb4 26.Bxc6 Qxc5 27.Qa5 Rxd3 28.Qa8+  Kh7 29.Rxd3 Bxd3 30.Qc8 Qc1+ 31.Kh2 Qf4+ 32.Kg1 Bf5 33.Qb7 b4 34.g3 Qc1+  35.Kg2 b3 36.Be4 Qg5 37.h4 Bxe4+ 38.Qxe4+ Qg6 39.Qe2 Qc2 0-1

[Event "Feuille d'Erable (-1600)"]
[Site "Gatineau"]
[Date "2018.10.23"]
[Round "1"]
[White "Sabourin Yves"]
[Black "Simard Paul"]
[Result "0-1"]
[BlackElo "1167"]
[EventDate "2018.10.23"]
[WhiteElo "1464"]

1.e4 e5 2.Nf3 d6 3.Bc4 Be7 4.O-O Nf6 5.d4 O-O 6.dxe5 dxe5 7.Nbd2 Nbd7 8.b3 c6  9.Bb2 b5 10.Bd3 Qc7 11.a4 Rb8 12.axb5 cxb5 13.Ra2 a6 14.c4 Bd6 15.Qa1 Nc5  16.Nxe5 Nxd3 17.Nxd3 bxc4 18.e5 cxd3 19.exd6 Qxd6 20.Be5 Qb6 21.Bxb8 Qxb8  22.Qd4 Ng4 23.g3 Ne5 24.Re1 f6 25.Ra4 Bb7 26.f4 Rd8 27.Qb6 Nc6 28.Rc4 Qa8  29.Rec1 Ne7 30.Qe6+ Kf8 31.Rc7 Re8 32.Qd7 Qa7+ 33.Kf1 Qe3 34.Rxb7 Qe2+ 35.Kg1  Qxd2 36.Rc8 Qe1+ 37.Kg2 Qe2+ 38.Kh3 Qf1+ 39.Kh4 Ng6+ 40.Kh5 Qf3+ 41.Qg4 Qxg4+  42.Kxg4 Rxc8 43.Rd7 Rc3 44.b4 Rb3 45.Rd4 d2 46.Rxd2 Rxb4 47.Rd7 Ne5+ 0-1

[Event "Feuille d'Erable (45/30)"]
[Site "Gatineau"]
[Date "2018.10.23"]
[Round "1"]
[White "Cayen Jean-Philippe"]
[Black "Traversy Pierre"]
[Result "1-0"]
[BlackElo "1095"]
[EventDate "2018.10.23"]
[WhiteElo "1422"]

1.g3 d5 2.Bg2 Nf6 3.e3 e5 4.b3 Bd6 5.Bb2 e4 6.d3 Bf5 7.dxe4 dxe4 8.a3 Nbd7  9.Nc3 O-O 10.Nge2 a6 11.O-O Re8 12.Nd5 Be5 13.Bxe5 Rxe5 14.Nxf6+ Nxf6  15.Qxd8+ Rxd8 16.h3 c5 17.Rfd1 Red5 18.Nc3 Rxd1+ 19.Rxd1 Rxd1+ 20.Nxd1 b5  21.g4 Bg6 22.a4 h5 23.axb5 axb5 24.Bf1 b4 25.Nb2 Nd5 26.Kg2 Nb6 27.Kg3 Kf8  28.Nc4 Nxc4 29.Bxc4 f5 30.Kf4 fxg4 31.hxg4 Ke7 32.Bd5 Kd6 33.Bxe4 Bxe4  34.Kxe4 Ke6 35.f4 g6 36.f5+ gxf5+ 37.gxf5+ Kd6 38.Kf4 Ke7 39.e4 Kf7 40.e5 Kg7  41.Kg5 Kh7 42.e6 Kg7 43.Kxh5 1-0

[Event "Feuille d'Erable (45/30)"]
[Site "Gatineau"]
[Date "2018.10.23"]
[Round "1"]
[White "Legare Gilles"]
[Black "Renaud Alexandre"]
[Result "1-0"]
[BlackElo "1271"]
[EventDate "2018.10.23"]
[WhiteElo "1078"]

1.e4 e5 2.Nc3 c5 3.Nf3 Nc6 4.Be2 d6 5.Bb5 Bd7 6.Bxc6 Bxc6 7.O-O Nf6 8.d3 Be7  9.Ne2 Bd7 10.Nh4 Qc8 11.Bg5 h6 12.Bxf6 Bxf6 13.Nf5 g6 14.Nxd6+ Ke7 15.Nxc8+  Raxc8 16.c4 h5 17.Nc3 Ke6 18.Qf3 Kd6 19.Nd5 1-0

[Event "Feuille d'Erable (45/30)"]
[Site "Gatineau"]
[Date "2018.10.23"]
[Round "1"]
[White "Raymond Robert"]
[Black "Celac Natalia"]
[Result "1-0"]
[BlackElo "884"]
[EventDate "2018.10.23"]
[WhiteElo "1261"]

1.e4 e5 2.Nf3 Nc6 3.Bb5 Nge7 4.c3 d6 5.h3 Be6 6.O-O a6 7.Ba4 Qd7 8.Bc2 g6  9.d4 Bg7 10.d5 Bxh3 11.Ng5 Bf6 12.Nxh3 h5 13.dxc6 Nxc6 14.Bg5 Qg4 15.f3 Qg3  16.Qe1 h4 17.Qxg3 hxg3 18.f4 Bxg5 19.fxg5 f5 20.gxf6 1-0